Sports Quiz

Random Sports or Baseball Quiz

Los Angeles Angels Opening Day Starting Pitchers Quiz Stats

Quiz Updated Apr 2, 2018

Challenge
Share
Tweet
Embed
Score 0/58 Timer 08:00
3 Plays Today
Year Starter % Correct
2008Jered Weaver
88.1%
2010Jered Weaver
88.1%
2011Jered Weaver
88.1%
2012Jered Weaver
88.1%
2013Jered Weaver
88.1%
2014Jered Weaver
88.1%
2015Jered Weaver
88.1%
1973Nolan Ryan
81.4%
1974Nolan Ryan
81.4%
1975Nolan Ryan
81.4%
2018Garrett Richards
58.4%
2003John Lackey
56.1%
2007John Lackey
56.1%
1991Chuck Finley
55%
1995Chuck Finley
55%
1996Chuck Finley
55%
1998Chuck Finley
55%
2004Bartolo Colón
54.7%
2005Bartolo Colón
54.7%
2006Bartolo Colón
54.7%
1992Mark Langston
48.2%
1993Mark Langston
48.2%
1994Mark Langston
48.2%
1997Mark Langston
48.2%
2016Garrett Richards
42.1%
1976Frank Tanana
41.7%
1977Frank Tanana
41.7%
1978Frank Tanana
41.7%
1979Frank Tanana
41.7%
Year Starter % Correct
1985Mike Witt
39.3%
1986Mike Witt
39.3%
1987Mike Witt
39.3%
1988Mike Witt
39.3%
1989Mike Witt
39.3%
2002Jarrod Washburn
31.7%
1966Dean Chance
27.9%
1990Bert Blyleven
22.8%
2017Ricky Nolasco
21.9%
1971Clyde Wright
14.7%
2000Ken Hill
13.9%
1970Andy Messersmith
13.7%
1972Andy Messersmith
13.7%
2009Joe Saunders
12.7%
1982Ken Forsch
10.8%
1984Ken Forsch
10.8%
1981Geoff Zahn
9.4%
1961Eli Grba
8.3%
1962Eli Grba
8.3%
1963Ken McBride
8.1%
1964Ken McBride
8.1%
1999Tim Belcher
7.7%
1983Bruce Kison
7%
1967George Brunet
6.9%
1968George Brunet
6.9%
2001Scott Schoeneweis
6.8%
1980Dave Frost
6.6%
1969Jim McGlothlin
5.8%
1965Fred Newman
5.1%

You're not logged in!

Compare scores with friends on all Sporcle quizzes.
Join for Free
OR
Log In

Show Comments

Extras

Top Quizzes Today


Score Distribution

Your Account Isn't Verified!

In order to create a playlist on Sporcle, you need to verify the email address you used during registration. Go to your Sporcle Settings to finish the process.

Report this User

Report this user for behavior that violates our Community Guidelines.

Details: